| 000 | 01464cam a22003255i 4500 | ||
|---|---|---|---|
| 999 |
_c16313 _d16313 |
||
| 001 | 15063575 | ||
| 003 | EG-ScBUE | ||
| 005 | 20210131150720.0 | ||
| 008 | 071030s2008 nyu g 000 f eng d | ||
| 020 | _a9780440296881 | ||
| 040 |
_aDLC _beng _erda _cDLC _dBAKER _dBTCTA _dYDXCP _dIH9 _dP@N _dC#P _dVP@ _dQ2Z _dDLC _dEG-ScBUE |
||
| 082 | 0 | 4 |
_a813.54 _bGRI _222 |
| 100 | 1 |
_aGrisham, John, _4author. |
|
| 245 | 1 | 4 |
_aThe appeal / _cJohn Grisham. |
| 264 | 1 |
_aNew York : _bBantam Dell / Random House, _c2008. |
|
| 300 |
_a484 pages ; _c24 cm |
||
| 336 |
_atext _btxt _2rdacontent |
||
| 337 |
_aunmediated _bn _2rdamedia |
||
| 338 |
_avolume _bnc _2rdacarrier |
||
| 520 | _aWall street millionaire Carl Trudeau purchases an unsuspecting Mississippi State Supreme Court judge candidate when a lower court rules against one of his chemical companies for dumping toxic waste into a small town's water supply causing a cancer cluster. | ||
| 650 | 7 |
_aChemical industry _vFiction. _2BUEsh _928073 |
|
| 650 | 7 |
_aChemical industry _xWaste disposal _xEnvironmental aspects _vFiction. _2BUEsh _928074 |
|
| 650 | 7 |
_aTrials (Offenses against the environment) _vFiction. _928075 _2BUEsh |
|
| 650 | 7 |
_aCorporations _xCorrupt practices _vFiction. _2BUEsh _928076 |
|
| 651 | 7 |
_aMississippi _vFiction. _2BUEsh _928077 |
|
| 651 | 7 |
_aWall Street (New York, N.Y.) _vFiction. _2BUEsh _928078 |
|
| 653 |
_bHHUUEENN _cDecember2011 _dBestSellers |
||
| 942 |
_2ddc _cBB |
||